Ο Ηρακλής, ο Θησέας και ο Ιάσονας στο σχολικό και εξωσχολικό παιδικό βιβλίο : μεταπτυχιακή εργασία

Αποθηκεύτηκε σε:
Λεπτομέρειες βιβλιογραφικής εγγραφής
Κύριος συγγραφέας: Ζέζου, Αναστασία
Άλλοι συγγραφείς: Ζερβού, Αλεξάνδρα Κ. (Εισηγητής διατριβής)
Μορφή: Thesis Βιβλίο
Γλώσσα:Greek
Δημοσίευση: Ρόδος : Πανεπιστήμιο Αιγαίου, Τμήμα Επιστημών της Προσχολικής Αγωγής και του Εκπαιδευτικού Σχεδιασμού, 2006
Θέματα:
Ετικέτες: Προσθήκη ετικέτας
Δεν υπάρχουν, Καταχωρήστε ετικέτα πρώτοι!

MARC

LEADER 00000cam a2200000 i 4500
001 1/31949
008 060705s2006 gre d
035 |l 10084546 
040 |a GR-MY-UA  |b gre  |e aacr 
041 0 |a gre 
082 0 |a 371.32  |2 (22) 
100 1 |a Ζέζου, Αναστασία. 
245 1 2 |a Ο Ηρακλής, ο Θησέας και ο Ιάσονας στο σχολικό και εξωσχολικό παιδικό βιβλίο :  |b μεταπτυχιακή εργασία /  |c Ζέζου Αναστασία ; Ζερβού Αλεξάνδρα (επιβλέπουσα καθηγήτρια) 
260 |a Ρόδος :   |b Πανεπιστήμιο Αιγαίου, Τμήμα Επιστημών της Προσχολικής Αγωγής και του Εκπαιδευτικού Σχεδιασμού,   |c 2006 
300 |a 159 σ.;  |b εγχρ.εικ.;  |c 30 εκ. 
502 # # |a Διατριβή (μεταπτυχιακή) – Πανεπιστήμιο Αιγαίου, Ρόδος, 2006. 
504 |a Περιέχει βιβλιογραφικές παραπομπές 
610 2 0 |a University of the Aegean  |x Dissertations. 
650 0 0 |a Dissertations, Academic. 
650 0 0 |a Textbooks. 
650 0 0 |a Education. 
650 0 0 |a Children's literature  |x History  |z Greece. 
700 1 |a Ζερβού, Αλεξάνδρα Κ.  |4 ths 
852 |a INST  |b RHODES  |c DIATR  |e 20060705  |h 371.32 ΖΕΖ  |p 005400024709  |q 005400024709  |t MTXE  |y 23 
852 |a INST  |b RHODES  |c DIATR  |e 20060705  |h 371.32 ΖΕΖ  |p 005400024710  |q 005400024710  |t MTXE  |y 23 
901 |a BIBL4-2006-2 
909 |a Ρ  |b 126595 
909 |a Ρ  |b 126596 
924 |a ΖΕΖΟΥ  |b ΑΝΑΣΤΑΣΙΑ  |y ΡΟΔΟΣ  |z 2006-06 
970 |a ΣΙΔΕΡΗ  |b ΝΕΚΤΑΡΙΑ  |z 2006/07/05